Forest trees and woodland scenery, as described in ancient and modern poets (Record no. 114157)
[ view plain ]
| 000 -LEADER | |
|---|---|
| fixed length control field | 00905cam a22002175a 4500 |
| 001 - CONTROL NUMBER | |
| control field | L156289 |
| 008 - FIXED-LENGTH DATA ELEMENTS--GENERAL INFORMATION | |
| fixed length control field | 120510s1875 xxk f 000 0 eng d |
| 035 ## - SYSTEM CONTROL NUMBER | |
| System control number | (Sirsi) u156289 |
| 041 0# - LANGUAGE CODE | |
| Language code of text/sound track or separate title | eng |
| 100 1# - MAIN ENTRY--PERSONAL NAME | |
| Personal name | Menzies, William |
| 245 00 - TITLE STATEMENT | |
| Title | Forest trees and woodland scenery, as described in ancient and modern poets |
| Statement of responsibility, etc. | by William Menzies ; illustrated in chromo-lithography by M. & N. Hanhart ; after water-color drawings by Sir Howard Elphinstone, W.L. Walton and A.Y. Nutt |
| 260 ## - PUBLICATION, DISTRIBUTION, ETC. | |
| Place of publication, distribution, etc. | London |
| Name of publisher, distributor, etc. | Longmans, Green |
| Date of publication, distribution, etc. | 1875 |
| 300 ## - PHYSICAL DESCRIPTION | |
| Extent | vi, 151 p., [20] leaves of plates (inc. front.) |
| Other physical details | col. ill. |
| Dimensions | 37 cm. |
| 583 0# - ACTION NOTE | |
| Action | Condition reviewed |
| Time/date of action | 20120620 |
| Status | condition level 4, detached boards and spine |
| 651 #4 - SUBJECT ADDED ENTRY--GEOGRAPHIC NAME | |
| Geographic name | Great Britain |
| Chronological subdivision | 1707- |
| 690 ## - LOCAL SUBJECT ADDED ENTRY--TOPICAL TERM (OCLC, RLIN) | |
| Topical term or geographic name as entry element | Rural |
| 9 (RLIN) | 6268 |
| 700 1# - ADDED ENTRY--PERSONAL NAME | |
| Personal name | Elphinstone, Howard Warburton |
| Titles and other words associated with a name | Sir |
| Dates associated with a name | 1830-1917 |
| 700 1# - ADDED ENTRY--PERSONAL NAME | |
| Personal name | Walton, W. L. |
| 700 1# - ADDED ENTRY--PERSONAL NAME | |
| Personal name | Nutt, Alfred Young |
| Dates associated with a name | 1847-1924 |
| 942 ## - ADDED ENTRY ELEMENTS (KOHA) | |
| Suppress in OPAC | 0 |
| Withdrawn status | Lost status | Source of classification or shelving scheme | Damaged status | Not for loan | Home library | Current library | Shelving location | Date acquired | Total Checkouts | Full call number | Barcode | Date last seen | Copy number | Price effective from | Koha item type |
|---|---|---|---|---|---|---|---|---|---|---|---|---|---|---|---|
| Dewey Decimal Classification | Historic collection | Historic collection | Historic collection | 10/05/2012 | FOLIO 1875 MENZIES | 30076525 | 06/08/2019 | 1 | 06/08/2019 | Book |